Países que fazem fronteiras com: Uzbequistão#14 - Statistics

Estatísticas Gerais
  • Esse quiz foi jogado 45 vezes
  • A pontuação média é 5 de 5
Estatísticas das Respostas
País % Correto
Turcomenistão
100%
Cazaquistão
92%
Quirguistão
92%
Tajiquistão
92%
Afeganistão
86%
Nenhum quiz correspondente encontrado
Distribuição das Pontuações
Porcentagem de Pessoas com Cada Pontuação
Percentil de Números Respondidos
Sua Pontuação Histórica
Você não jogou esse quiz